00946nam a22002417a 450000500170000000800410001701000150005802000270007303500130010003700130011304000130012608200200013924501580015926000460031727000730036330000270043650000660046365000330052965000320056265000430059465000440063770000230068120130422113421.0130422b xxu||||| |||| 00| 0 eng d aENG-106947 a9788177082739c1960.00 aEN-90480 bDBAD/PUB aDPLbEng00a371.207095422300aEducation, training, and skill development in India :bfirst five year plan (1951-56) to eleventh five year plan (2007-12) /cedited by Rameshwari Pandya aNew DelhibNew Century Publicationsc2011 a4800/24, Bharat Ram Road, Ansari Road, Darya GanjbNew Delhie110002 axxv, 488 p. c25cm(Hb) aIncludes bibliographical references (p. [475]-478) and index. 0aEducational planningzIndia. 0aEducation and statezIndia. 0aVocational educationzIndiaxPlanning. 0aOccupational trainingzIndiaxPlanning.1 aPandya, Rameshwari